Grupy Euro 2020 - Statystyki

Ogólne statystyki
  • Ten quiz został rozwiązany 194 razy
  • Średni wynik to 21 z 24
Statystyki odpowiedzi
Grupa Państwo % Poprawnych
Grupa E Polska
99%
Grupa E Hiszpania
98%
Grupa F Portugalia
97%
Grupa F Niemcy
95%
Grupa E Szwecja
95%
Grupa C Ukraina
93%
Grupa D Anglia
92%
Grupa E Słowacja
92%
Grupa C Holandia
91%
Grupa A Włochy
91%
Grupa B Belgia
90%
Grupa F Francja
90%
Grupa A Szwajcaria
90%
Grupa D Chorwacja
89%
Grupa D Czechy
86%
Grupa B Dania
86%
Grupa F Węgry
86%
Grupa B Rosja
84%
Grupa A Turcja
84%
Grupa C Austria
82%
Grupa A Walia
81%
Grupa B Finlandia
78%
Grupa D Szkocja
77%
Grupa C MacedoniaPółnocna
60%
Nie znaleziono quizów pasujących do podanych kryteriów
Rozkład punktacji
Procent ludzi z każdym wynikiem
Percentyl według liczby udzielonych odpowiedzi
Twoja historia wyników
Nie rozwiązałeś tego quizu